| 000 | 01117nam a22003137a 4500 | ||
|---|---|---|---|
| 003 | CHAP | ||
| 005 | 20220329143731.0 | ||
| 008 | 110429s1992 th a r 00010 eng d | ||
| 010 | _a101086 | ||
| 011 | _a102058 | ||
| 020 | _a9745874981 | ||
| 035 | _a112746 | ||
| 040 | _cCHAP | ||
| 082 | 0 | 4 |
_a615.32109593 _bT32 |
| 245 | 0 | 0 |
_aThai medicinal plants : _brecommended for primary health care system _c/editado por Norman R. Farnsworth, Nuntavan Bunyapraphatsara |
| 260 |
_aBangkok : _bMedicinal Plants Information Center, Faculty of Pharmacy, Mahidol University, _c1992 |
||
| 300 |
_alX, 402 p. : _bilus. |
||
| 590 |
_aBATCH-UPD _b10 _c20130110 _lUCH01 _h1117 |
||
| 590 |
_aBATCH-UPD _b10 _c20130410 _lUCH01 _h0707 |
||
| 590 |
_aBATCH-UPD _b10 _c20130914 _lUCH01 _h0744 |
||
| 590 |
_aCONVERSION _b10 _c20130109 _lUCH01 _h1356 |
||
| 650 | 1 | 4 |
_aBotánica médica. _914680 |
| 650 | 1 | 4 |
_aMateria médica. _972929 |
| 700 | 0 |
_aFarnsworth, Norman R. _939784 |
|
| 700 | 1 |
_aBunyapraphatsara, Nuntavan _916088 |
|
| 901 | _aBK | ||
| 942 | _cLIBRO | ||
| 949 |
_a615.32109593 T32 _bBC _cLIBRO _d33724002254173 _eLIBRO _h114815 _i112746 _sb |
||
| 999 |
_c101086 _d101086 |
||